[Event "Flint (Class DE/3)"]
[Site "?"]
[Date "1992.??.??"]
[Round "?"]
[White "Shelters, Richard"]
[Black "Belill, Mike"]
[Result "1-0"]
[WhiteElo "1605"]
[BlackElo "1605"]
[PlyCount "133"]
[EventDate "1992.??.??"]

1. e4 e5 2. Nf3 Nc6 3. Bb5 d6 4. d4 Bd7 5. O-O Nxd4 6. Bxd7+ Qxd7 7. Nxd4 exd4
8. Qxd4 O-O-O 9. Qxa7 Qc6 10. Nc3 f6 11. Re1 Ne7 12. Re2 g5 13. Qa5 h5 14. Nb5
Kd7 15. Nc3 Bh6 16. Qa4 h4 17. Qxc6+ Kxc6 18. b4 Bg7 19. a4 Rhe8 20. Be3 Kd7
21. f3 f5 22. Ra3 f4 23. Bf2 Kc8 24. a5 Bxc3 25. Rxc3 d5 26. Bb6 Rd7 27. b5 Kb8
28. Bc5 Nf5 29. Kf2 d4 30. Rd3 Ne3 31. Rxd4 Rg7 32. h3 g4 33. hxg4 h3 34. gxh3
Rh7 35. Ke1 Rxh3 36. Rf2 Rh1+ 37. Kd2 Rd1+ 38. Kc3 Ra1 39. Rfd2 Kc8 40. Bb4 Rf1
41. R2d3 Rxf3 42. Rd7 Nd1+ 43. Kb3 Rxd3+ 44. Rxd3 Nf2 45. Rf3 Nxe4 46. Rxf4 Nd6
47. Bxd6 cxd6 48. g5 Re3+ 49. c3 Rg3 50. Rf5 Kd7 51. Kc4 Ke6 52. Rf4 Rxg5 53.
Re4+ Kd7 54. Rh4 Rg7 55. Kb4 Re7 56. c4 Rf7 57. Rd4 Kc7 58. c5 dxc5+ 59. Kxc5
Rf5+ 60. Kb4 Rf1 61. b6+ Kc6 62. Rc4+ Kd6 63. Kb5 Rb1+ 64. Rb4 Rd1 65. a6 Rd5+
66. Ka4 bxa6 67. b7 1-0

[Event "Flint (MI Senior/1)"]
[Site "?"]
[Date "1992.??.??"]
[Round "?"]
[White "Serwatowski, Felix"]
[Black "Rostrom, Richard"]
[Result "1/2-1/2"]
[WhiteElo "1730"]
[BlackElo "1605"]
[PlyCount "63"]
[EventDate "1992.??.??"]

1. Nf3 Nf6 2. c4 g6 3. Nc3 Bg7 4. d4 O-O 5. e4 d6 6. Be2 Nc6 7. O-O e5 8. Be3
Bg4 9. d5 Bxf3 10. Bxf3 Ne7 11. b4 Nd7 12. c5 f5 13. c6 bxc6 14. dxc6 Nb6 15.
Bxb6 axb6 16. b5 Kh8 17. a4 fxe4 18. Bxe4 Nf5 19. Ne2 Qh4 20. Qd3 Qg5 21. Ra3
Nd4 22. Nc3 Ne6 23. Nd5 Ra7 24. Qh3 Nf4 25. Qe3 Ne6 26. Qh3 Nf4 27. Qd7 Rd8 28.
Qf7 Rf8 29. Qd7 Rd8 30. Qf7 Rf8 31. Qd7 Rd8 32. Qf7 1/2-1/2

[Event "Detroit (MOR/6/99)"]
[Site "?"]
[Date "1992.??.??"]
[Round "?"]
[White "Serwatowski, Felix"]
[Black "Krzyston, Joe"]
[Result "1-0"]
[WhiteElo "1605"]
[BlackElo "1605"]
[PlyCount "95"]
[EventDate "1992.??.??"]

{6/(99)} 1. d4 Nf6 2. c4 Nc6 3. Nf3 e6 4. a3 d5 5. e3 b6 6. Be2 Be7 7. O-O O-O
8. b4 a5 9. b5 Nb8 10. Ne5 Bb7 11. Nd2 c6 12. bxc6 Nxc6 13. Nxc6 Bxc6 14. Nf3
dxc4 15. Ne5 Bb7 16. Nxc4 Qd5 17. f3 Bd8 18. e4 Nxe4 19. fxe4 Qxe4 20. Bf3 Qh4
21. Bxb7 Ra7 22. Rf4 Qg5 23. Rxf7 Qb5 24. Rxf8+ Kxf8 25. Qf1+ Bf6 26. Be4 Rd7
27. Be3 Ke7 28. Rb1 Qa6 29. Rxb6 Qc8 30. Ne5 Qc3 31. Nxd7 Qxe3+ 32. Kh1 Qxe4
33. Nc5 Qxd4 34. Rxe6+ Kf7 35. Rc6 Qd5 36. Rc7+ Kg6 37. Qc1 Qd4 38. Nb3 Qd5 39.
Qb1+ Qf5 40. Qxf5+ Kxf5 41. Nxa5 Ke5 42. Nb3 Kd6 43. Rc2 Kd5 44. a4 Ke4 45. a5
Kd3 46. Rc8 Bg5 47. a6 Be3 48. Nc5+ 1-0

[Event "Detroit (MOR/2/65)"]
[Site "?"]
[Date "1992.??.??"]
[Round "?"]
[White "Serwatowski, Felix"]
[Black "Jointer, William"]
[Result "0-1"]
[WhiteElo "1605"]
[BlackElo "1700"]
[PlyCount "136"]
[EventDate "1992.??.??"]

{2/(65)} 1. d4 Nf6 2. c4 e5 3. Nc3 exd4 4. Qxd4 Nc6 5. Qd1 Bb4 6. Bd2 O-O 7.
Nf3 Re8 8. e3 d6 9. Be2 h6 10. O-O Qe7 11. a3 Bxc3 12. Bxc3 Ne4 13. Qc2 f5 14.
Bd3 Bd7 15. Rae1 Qf7 16. b3 Qg6 17. Kh1 Re7 18. Ng1 Qh5 19. Be2 Qh4 20. Nf3 Qh5
21. Nd2 Qh4 22. Nf3 Qg4 23. Ne5 Qh4 24. Ng6 Nxf2+ 25. Kg1 Nh3+ 26. Kh1 Nf2+ 27.
Kg1 Nh3+ 28. Kh1 Nf2+ 29. Kg1 Qe4 30. Nxe7+ Nxe7 31. Bd3 Nxd3 32. Rd1 Ne5 33.
Qe2 Bc6 34. Rf4 Qxg2+ 35. Qxg2 Bxg2 36. Kxg2 N7g6 37. Rff1 Ng4 38. Rd3 Re8 39.
Bd2 Re4 40. Kg3 Re5 41. h3 Nf6 42. Kh2 Ne4 43. Bc1 Ne7 44. Rg1 g5 45. Rdd1 Kh7
46. Rdf1 Kg6 47. Re1 h5 48. Bb2 Re6 49. Re2 Kh6 50. Kg2 Ng6 51. Kf1 h4 52. Kg2
Kh5 53. Bc1 Ng3 54. Rf2 Ne7 55. Rf3 Ne2 56. Re1 Nxc1 57. Rxc1 g4 58. hxg4+ fxg4
59. Rf8 h3+ 60. Kf2 Ng6 61. Rf7 Ne5 62. Rf5+ Kg6 63. Rxe5 Rxe5 64. Re1 Kg5 65.
a4 a5 66. e4 c6 67. Re3 d5 68. cxd5 cxd5 0-1

[Event "Flint (MI Senior/3)"]
[Site "?"]
[Date "1992.??.??"]
[Round "?"]
[White "Serwatowski, Felix"]
[Black "Caron, L."]
[Result "1-0"]
[WhiteElo "1605"]
[BlackElo "1605"]
[PlyCount "43"]
[EventDate "1992.??.??"]

1. Nf3 c5 2. c4 Nc6 3. g3 Nf6 4. Bg2 e6 5. O-O d5 6. cxd5 exd5 7. d3 h6 8. Re1
Be7 9. Nbd2 Bd7 10. Qb3 b6 11. Nf1 O-O 12. Ne3 d4 13. Nc4 Rb8 14. e3 dxe3 15.
Rxe3 Na5 16. Qd1 Nxc4 17. dxc4 Qc7 18. Rxe7 Rbd8 19. Bf4 Qb7 20. Qe2 g5 21.
Nxg5 hxg5 22. Bxb7 1-0

[Event "Detroit (MI Op/1a/30)"]
[Site "?"]
[Date "1992.??.??"]
[Round "?"]
[White "Selitsky, B."]
[Black "Householder, James"]
[Result "1/2-1/2"]
[WhiteElo "2000"]
[BlackElo "1605"]
[PlyCount "67"]
[EventDate "1992.??.??"]

1. e4 c6 2. d4 d5 3. exd5 cxd5 4. Bd3 Nc6 5. c3 Nf6 6. Bf4 Bg4 7. Qb3 Qc8 8.
Nd2 e6 9. Ngf3 Be7 10. Ne5 Bh5 11. Qc2 Bg6 12. Nxg6 hxg6 13. Nf3 Nh5 14. Be5
Nxe5 15. dxe5 a6 16. Qd2 g5 17. Nxg5 Bxg5 18. Qxg5 Qd8 19. Qxd8+ Rxd8 20. g3 g6
21. Ke2 Ke7 22. h4 Rb8 23. a4 Rhd8 24. Rhd1 b5 25. axb5 axb5 26. Ra7+ Rd7 27.
Rxd7+ Kxd7 28. b4 Kc6 29. Ra1 Rb7 30. Ra6+ Rb6 31. Ra7 Rb7 32. Ra6+ Rb6 33. Ra5
Rb7 34. Ra6+ 1/2-1/2

[Event "Detroit (Pan Am/1)"]
[Site "?"]
[Date "1992.??.??"]
[Round "?"]
[White "Seawald, Dennis"]
[Black "Miller, Dan"]
[Result "1-0"]
[WhiteElo "2225"]
[BlackElo "1605"]
[PlyCount "57"]
[EventDate "1992.??.??"]

1. d4 d5 2. Nf3 e6 3. c4 Nf6 4. Nc3 c6 5. e3 Nbd7 6. Bd3 g6 7. O-O Bg7 8. e4
dxe4 9. Nxe4 O-O 10. Bf4 Nxe4 11. Bxe4 Nf6 12. Bc2 Re8 13. h3 b6 14. Ba4 Bb7
15. Qe2 a6 16. Rfd1 b5 17. Bb3 Qe7 18. Rac1 Rad8 19. Ne5 Nd7 20. cxb5 Nxe5 21.
bxa6 Bxa6 22. Qxa6 Nd7 23. Qxc6 e5 24. dxe5 Nxe5 25. Qc2 Rxd1+ 26. Rxd1 Nd7 27.
Qc7 Nf8 28. Rc1 Bd4 29. Bd5 1-0

[Event "Detroit (MOR/2/99)"]
[Site "?"]
[Date "1992.??.??"]
[Round "?"]
[White "Scott, A."]
[Black "Williams, C."]
[Result "0-1"]
[WhiteElo "1605"]
[BlackElo "1605"]
[PlyCount "102"]
[EventDate "1992.??.??"]

{2/(99)} 1. e4 c5 2. Nf3 g6 3. Nc3 Bg7 4. Bc4 Nc6 5. d3 h6 6. Bf4 Nf6 7. Nb5 d6
8. e5 Nh5 9. Bg3 Nxg3 10. hxg3 Nxe5 11. Nxe5 Bxe5 12. Rb1 a6 13. Nc3 Bxc3+ 14.
bxc3 e6 15. d4 b5 16. Be2 c4 17. Bf3 d5 18. O-O O-O 19. Qd2 Kg7 20. Be2 f5 21.
g4 g5 22. f4 Kg6 23. fxg5 Qxg5 24. Qxg5+ hxg5 25. gxf5+ exf5 26. Bf3 Be6 27.
Rbe1 Kf6 28. Re2 Rae8 29. Ra1 Rh8 30. g3 g4 31. Bg2 Kg5 32. a4 Bd7 33. Rxe8
Rxe8 34. Bxd5 Re3 35. Kf2 Rxc3 36. axb5 Rxc2+ 37. Ke3 Bxb5 38. Bg8 Rc3+ 39. Kd2
Rd3+ 40. Kc2 Rxd4 41. Bf7 Rd3 42. Bd5 Rxg3 43. Kd2 Rd3+ 44. Ke2 Rxd5 45. Kf2
Kf4 46. Kf1 c3+ 47. Kf2 Rd2+ 48. Ke1 g3 49. Ra3 g2 50. Rxc3 Re2+ 51. Kd1 g1=Q#
0-1

[Event "Flint (Class DE/1)"]
[Site "?"]
[Date "1992.??.??"]
[Round "?"]
[White "Scott, A."]
[Black "Vangilder, W."]
[Result "0-1"]
[WhiteElo "1605"]
[BlackElo "1605"]
[PlyCount "40"]
[EventDate "1992.??.??"]

1. e4 Nc6 2. Nc3 Nf6 3. Nf3 e5 4. d3 Bc5 5. h3 d6 6. Bd2 O-O 7. Bg5 h6 8. Bxf6
Qxf6 9. Nd5 Qd8 10. Qd2 Be6 11. Be2 a5 12. Nh2 Nd4 13. Bg4 f5 14. Bxf5 Nxf5 15.
exf5 Bxd5 16. O-O Rxf5 17. c4 Bc6 18. Qe2 Qf6 19. Ng4 Qh4 20. Kh2 Raf8 0-1

[Event "Detroit (MOR/6/108)"]
[Site "?"]
[Date "1992.??.??"]
[Round "?"]
[White "Scott, A."]
[Black "Raupp, Christine"]
[Result "0-1"]
[WhiteElo "1605"]
[BlackElo "1605"]
[PlyCount "82"]
[EventDate "1992.??.??"]

{6/(108)} 1. e4 e6 2. d3 d5 3. e5 c5 4. c3 Nc6 5. Nf3 Nh6 6. Be3 Nf5 7. d4 Qb6
8. dxc5 Bxc5 9. Bxc5 Qxc5 10. Be2 O-O 11. O-O Qe7 12. c4 d4 13. Bd3 Nh4 14.
Nbd2 f6 15. Nxh4 fxe5 16. Nhf3 b6 17. Re1 Nb4 18. Nxe5 Nxd3 19. Nxd3 Bb7 20.
Ne4 Qh4 21. f3 Rf5 22. Ndf2 e5 23. Ng3 Rg5 24. Nh3 Rg6 25. Rxe5 Rf8 26. Rh5 Qd8
27. Nf4 Rxf4 28. Rf5 Rxf5 29. Nxf5 Qg5 30. Ng3 Qc5 31. Qe1 d3+ 32. Kh1 Bc6 33.
Qe6+ Rxe6 34. Rd1 Qxc4 35. h3 Qc2 36. Rf1 d2 37. Kh2 d1=Q 38. Rxd1 Qxd1 39. b4
Qd6 40. f4 Qd2 41. h4 Qxg2# 0-1

[Event "Detroit (MOR/4/113)"]
[Site "?"]
[Date "1992.??.??"]
[Round "?"]
[White "Scott, A."]
[Black "Leaman, P."]
[Result "1-0"]
[WhiteElo "1605"]
[BlackElo "1605"]
[PlyCount "59"]
[EventDate "1992.??.??"]

{4/(113)} 1. e4 e5 2. Nf3 Nc6 3. Bc4 Nf6 4. Ng5 Qe7 5. Nc3 h6 6. Nf3 Qb4 7. d3
d6 8. Bd2 Nd4 9. Nd5 Nxf3+ 10. Qxf3 Nxd5 11. Bxb4 Nxb4 12. Qxf7+ Kd8 13. O-O-O
Bd7 14. d4 Ba4 15. dxe5 Be7 16. Qxg7 Bg5+ 17. Kb1 Bxc2+ 18. Ka1 Re8 19. exd6
Bxd1 20. Rxd1 cxd6 21. Rxd6+ Kc8 22. Qd7+ Kb8 23. Qxe8+ Kc7 24. Qd7+ Kb8 25.
Re6 a6 26. Rb6 Ra7 27. Qe8+ Kc7 28. Qe6 Ra8 29. Qd6+ Kc8 30. Be6# 1-0

[Event "Flint (Beg/3)"]
[Site "?"]
[Date "1992.??.??"]
[Round "?"]
[White "Schultz, D."]
[Black "Miller, Jess"]
[Result "1-0"]
[WhiteElo "1605"]
[BlackElo "1605"]
[PlyCount "139"]
[EventDate "1992.??.??"]

1. e4 e6 2. c4 Nf6 3. Nc3 b6 4. g3 Bb7 5. Bg2 d5 6. cxd5 exd5 7. exd5 Nxd5 8.
Qa4+ Bc6 9. Qc4 Ne7 10. Bxc6+ Nbxc6 11. Nf3 Qd7 12. O-O Ng6 13. Re1+ Be7 14. d4
Na5 15. Qe2 O-O-O 16. Qa6+ Kb8 17. Be3 Rc8 18. a3 c6 19. b4 Nb7 20. b5 Na5 21.
bxc6 Rxc6 22. Nb5 Qb7 23. Qxb7+ Kxb7 24. Bd2 Nc4 25. Bb4 Bf6 26. Rac1 Nb2 27.
Nd6+ Rxd6 28. Bxd6 Nd3 29. Rc7+ Ka6 30. Rd1 Nb2 31. Rd2 Na4 32. Bb4 Re8 33.
Rxf7 Rc8 34. d5 Ne5 35. Nxe5 Bxe5 36. d6 Nc5 37. d7 Rd8 38. f4 Bf6 39. Bxc5
bxc5 40. Re2 c4 41. Re8 c3 42. Rxd8 Bxd8 43. Rf5 Kb7 44. Rc5 Bf6 45. d8=Q Bxd8
46. Rxc3 Bf6 47. Rd3 a6 48. h4 Kb6 49. Kf2 Kb5 50. Kf3 Ka4 51. h5 Bb2 52. Rd6
Ka5 53. a4 h6 54. Ke4 Bc3 55. g4 Bb2 56. Kf5 Bc1 57. g5 hxg5 58. fxg5 Bb2 59.
Rf6 gxf6 60. g6 Bc1 61. g7 Bf4 62. Kxf4 f5 63. g8=Q Kb4 64. h6 a5 65. h7 Ka3
66. h8=R Kxa4 67. Qc4+ Ka3 68. Rh3+ Kb2 69. Qc3+ Ka2 70. Rh2+ 1-0

[Event "Flint (Beg/1)"]
[Site "?"]
[Date "1992.??.??"]
[Round "?"]
[White "Schultz, D."]
[Black "Harrison, T."]
[Result "0-1"]
[WhiteElo "1605"]
[BlackElo "1605"]
[PlyCount "62"]
[EventDate "1992.??.??"]

1. e4 c5 2. Bc4 e6 3. Nc3 Bd6 4. Nf3 Nc6 5. Qe2 a6 6. a4 Nd4 7. Nxd4 cxd4 8.
Nd1 Bc5 9. c3 e5 10. Qd3 Nf6 11. b4 Bb6 12. a5 Ba7 13. Bb2 d5 14. Bxd5 Nxd5 15.
exd5 Qxd5 16. O-O Bd7 17. Re1 O-O 18. cxd4 Rfe8 19. Ne3 Qd6 20. Nc4 Qxb4 21.
Ba3 Qb5 22. dxe5 Rad8 23. Qc3 Bc6 24. Nd6 Qd5 25. Qg3 Re6 26. Re4 Rexd6 27.
Rae1 Qxd2 28. Bc1 Qc2 29. Bh6 g6 30. R4e2 Qxe2 31. Rc1 Rd1+ 0-1

[Event "Lansing (Apr)"]
[Site "?"]
[Date "1992.??.??"]
[Round "?"]
[White "Schoonmaker, John"]
[Black "Malumphy, Joseph"]
[Result "1-0"]
[WhiteElo "1990"]
[BlackElo "2005"]
[PlyCount "94"]
[EventDate "1992.??.??"]

1. d4 Nf6 2. Nf3 g6 3. Bg5 Bg7 4. Nbd2 c5 5. c3 d6 6. e3 O-O 7. Be2 Nc6 8. O-O
cxd4 9. cxd4 Bf5 10. a3 h6 11. Bxf6 Bxf6 12. b4 e5 13. e4 Bd7 14. d5 Ne7 15.
Rc1 Bg7 16. Nc4 Bb5 17. a4 Bxc4 18. Rxc4 f5 19. Bd3 Rc8 20. Qc2 Qd7 21. Rc1
fxe4 22. Bxe4 Rxc4 23. Qxc4 Rc8 24. Qf1 Rxc1 25. Qxc1 Qxa4 26. Qb1 Qb5 27. g3
Nxd5 28. Qb3 Bf6 29. Qxd5+ Qxd5 30. Bxd5+ Kg7 31. Bxb7 Be7 32. b5 Kf6 33. Bd5
g5 34. g4 Bd8 35. Nd2 Ke7 36. Ne4 Bb6 37. Kg2 Bd4 38. f3 Bb6 39. Ng3 Kf6 40.
Nf5 Bc7 41. Nxh6 Kg6 42. Nf5 Kf6 43. Kf1 Kg6 44. Ke2 Kf6 45. Kd3 Kg6 46. h3 Kh7
47. Ke4 Bb8 1-0

[Event "Lansing (Apr)"]
[Site "?"]
[Date "1992.??.??"]
[Round "?"]
[White "Schoonmaker, John"]
[Black "Finegold, Ron"]
[Result "1/2-1/2"]
[WhiteElo "1990"]
[BlackElo "2190"]
[PlyCount "103"]
[EventDate "1992.??.??"]

1. d4 Nf6 2. Nf3 g6 3. Bg5 Bg7 4. Nbd2 d5 5. e3 Ne4 6. Nxe4 dxe4 7. Nd2 c5 8.
c3 cxd4 9. exd4 Qd5 10. Be3 O-O 11. Bc4 Qf5 12. Qc2 b5 13. Bb3 Bb7 14. O-O Nd7
15. f3 exf3 16. Qxf5 gxf5 17. Nxf3 e6 18. a3 Nb6 19. Ne5 Be4 20. Rae1 Bxe5 21.
dxe5 Nc4 22. Bxc4 bxc4 23. Bd4 Rfb8 24. Rf2 Rb7 25. Ree2 Bd3 26. Rd2 a5 27. g3
Rab8 28. Kg2 Rb5 29. Kh3 Rd5 30. g4 Rbd8 31. gxf5 Bxf5+ 32. Kg3 h5 33. Kf4 Kh7
34. Be3 Rd3 35. Bd4 Rg8 36. Rg2 Rxd2 37. Rxd2 Rg6 38. Be3 Rg4+ 39. Kf3 Bd3 40.
Bd4 Kg6 41. Ke3 Re4+ 42. Kf3 Re1 43. Kf2 Re4 44. Kf3 Rg4 45. Ke3 h4 46. Kf3 Rg5
47. Rd1 Kh5 48. Rg1 Rf5+ 49. Ke3 h3 50. Rg8 Rf1 51. Rg3 Re1+ 52. Kf3 1/2-1/2

[Event "Detroit (MOR/1a/39)"]
[Site "?"]
[Date "1992.??.??"]
[Round "?"]
[White "Schafer, Jurgen"]
[Black "Turner, Keita"]
[Result "0-1"]
[WhiteElo "1605"]
[BlackElo "1710"]
[PlyCount "68"]
[EventDate "1992.??.??"]

1. e4 c5 2. Nf3 Nc6 3. d4 cxd4 4. Nxd4 g6 5. Nc3 Bg7 6. Be3 Nf6 7. Bc4 Qa5 8.
O-O O-O 9. h3 d6 10. a3 a6 11. b4 Qc7 12. Nd5 Nxd5 13. Bxd5 e6 14. Bb3 e5 15.
Nf3 Be6 16. c4 b5 17. Ng5 Bxc4 18. Bxc4 bxc4 19. Rc1 Nd4 20. f4 Rac8 21. Rc3
Nb5 22. Rxc4 Qxc4 23. fxe5 dxe5 24. Qd7 Rc7 25. Qg4 h6 26. Bc5 Rxc5 27. bxc5
Qxc5+ 28. Kh1 hxg5 29. Qxg5 Qxa3 30. h4 Qd3 31. Rf3 Qd1+ 32. Kh2 Nd4 33. Rg3
Ne2 34. Rg4 Qg1+ 0-1

[Event "Detroit (MOR/5/103)"]
[Site "?"]
[Date "1992.??.??"]
[Round "?"]
[White "Schafer, Jurgen"]
[Black "Thomas, A."]
[Result "1-0"]
[WhiteElo "1605"]
[BlackElo "1605"]
[PlyCount "95"]
[EventDate "1992.??.??"]

{5/(103)} 1. d4 e6 2. c4 d5 3. Nc3 Nf6 4. Qc2 dxc4 5. Nf3 Nc6 6. e3 Bb4 7. Bxc4
O-O 8. O-O b6 9. Ne4 Bb7 10. Nxf6+ Qxf6 11. Bd3 g6 12. a3 Bd6 13. b4 Ne7 14. e4
Bf4 15. e5 Bxh2+ 16. Nxh2 Qh4 17. f3 Qxd4+ 18. Kh1 Qxa1 19. Bb2 Qa2 20. Bc4 Nd5
21. Bxa2 Ne3 22. Qe2 Nxf1 23. Nxf1 Rad8 24. Bc1 h5 25. Bd2 Kg7 26. Qe3 Rh8 27.
Qg5 Rd7 28. Qf6+ Kg8 29. Kh2 Ba6 30. Bxe6 fxe6 31. Qxe6+ Rf7 32. Qe8+ Kg7 33.
Qe6 Bxf1 34. Bg5 Rhf8 35. Bf6+ Rxf6 36. exf6+ Rxf6 37. Qe5 c6 38. Qa1 Bc4 39.
Kg3 Kf7 40. Qe5 b5 41. Qc7+ Kg8 42. Qxa7 Bd5 43. Kh4 Rf7 44. Qe3 Kg7 45. Qe5+
Rf6 46. Kg5 h4 47. Qxf6+ Kg8 48. Qxg6+ 1-0

[Event "Detroit (MOR/3/80)"]
[Site "?"]
[Date "1992.??.??"]
[Round "?"]
[White "Schafer, Jurgen"]
[Black "Holland, J."]
[Result "1-0"]
[WhiteElo "1605"]
[BlackElo "1660"]
[PlyCount "72"]
[EventDate "1992.??.??"]

{3/(80)} 1. d4 d5 2. c4 Nf6 3. Nc3 Bf5 4. e3 e6 5. Nf3 Nc6 6. Qa4 Nd7 7. c5 a6
8. b4 a5 9. bxa5 Nxa5 10. Qd1 b6 11. cxb6 Nxb6 12. Bd3 Bxd3 13. Qxd3 Nac4 14.
O-O Bd6 15. e4 O-O 16. e5 Be7 17. Ne2 c5 18. dxc5 Bxc5 19. Ng5 g6 20. Qh3 h5
21. Ng3 Be3 22. Bxe3 Nxe3 23. Nxe6 fxe6 24. Qxe6+ Kg7 25. fxe3 Nc4 26. Rxf8
Qxf8 27. Rf1 Qg8 28. Qf6+ Kh7 29. e6 Nxe3 30. Qe7+ Kh6 31. Rf6 Rxa2 32. Qf7 Ra8
33. e7 Qxf7 34. Rxf7 Re8 35. Kf2 Ng4+ 36. Kf3 Ne5+ 1-0

[Event "Detroit (MOR/7/96)"]
[Site "?"]
[Date "1992.??.??"]
[Round "?"]
[White "Schafer, Jurgen"]
[Black "Clark, M."]
[Result "1-0"]
[WhiteElo "1605"]
[BlackElo "1605"]
[PlyCount "51"]
[EventDate "1992.??.??"]

{7/(96)} 1. d4 f5 2. c4 Nf6 3. Nc3 e6 4. Bf4 Nc6 5. Nf3 Bb4 6. a3 Ba5 7. b4
Nxb4 8. axb4 Bxb4 9. Bd2 b6 10. e3 Bxc3 11. Bxc3 Ne4 12. Qc2 Bb7 13. Bb2 d5 14.
Be2 O-O 15. O-O f4 16. Ne5 fxe3 17. fxe3 Rf5 18. Bg4 Rxf1+ 19. Rxf1 Qe7 20. Rf7
Qd6 21. Rd7 Qb4 22. Bxe6+ Kf8 23. Rf7+ Ke8 24. Qc1 Rd8 25. Ba3 Qd2 26. Rf8# 1-0

[Event "Detroit (MOR/4/62)"]
[Site "?"]
[Date "1992.??.??"]
[Round "?"]
[White "Saulmon, Scott"]
[Black "Wright, Walter"]
[Result "0-1"]
[WhiteElo "1765"]
[BlackElo "1605"]
[PlyCount "82"]
[EventDate "1992.??.??"]

{4/(62)} 1. e4 e5 2. Nf3 d6 3. d4 exd4 4. Bc4 Be7 5. Qxd4 Nf6 6. O-O Nc6 7. Qd3
O-O 8. Nbd2 Ng4 9. Qe2 Nge5 10. Nxe5 dxe5 11. Nf3 Nd4 12. Nxd4 exd4 13. f4 a6
14. f5 c6 15. Qg4 b5 16. Bb3 c5 17. Bd5 Ra7 18. Bh6 Bf6 19. Bxg7 Bxg7 20. Qg3
Kh8 21. f6 Bxf6 22. Qf4 Bg7 23. Rf3 Be6 24. Bxe6 fxe6 25. Qg4 Rxf3 26. Qxf3 Qf6
27. Qg3 Rf7 28. h3 Bh6 29. e5 Bf4 30. exf6 Bxg3 31. Rf1 Bh4 32. Rf4 Bg5 33. Re4
Be3+ 34. Kh1 Rxf6 35. c3 Rf1+ 36. Kh2 Bf4+ 37. g3 Rf2+ 38. Kh1 d3 39. Re1 d2
40. Rd1 Bxg3 41. Kg1 Re2 0-1

[Event "Lansing (Apr)"]
[Site "?"]
[Date "1992.??.??"]
[Round "?"]
[White "Saulmon, Scott"]
[Black "Swartz, J."]
[Result "1-0"]
[WhiteElo "1785"]
[BlackElo "1605"]
[PlyCount "33"]
[EventDate "1992.??.??"]

1. e4 e5 2. Nf3 Nc6 3. Bb5 a6 4. Ba4 Nf6 5. O-O Be7 6. Re1 O-O 7. c3 b5 8. Bb3
Na5 9. Bc2 c5 10. Nxe5 d6 11. Nf3 Nc6 12. h3 Ne5 13. d4 Nxf3+ 14. Qxf3 d5 15.
e5 Ne8 16. Qh5 Nc7 17. Qxh7# 1-0

[Event "Detroit (MOR/2/55)"]
[Site "?"]
[Date "1992.??.??"]
[Round "?"]
[White "Saulmon, Scott"]
[Black "Kamberi, Sonny"]
[Result "0-1"]
[WhiteElo "1765"]
[BlackElo "1605"]
[PlyCount "110"]
[EventDate "1992.??.??"]

{2/(55)} 1. e4 e5 2. Nf3 Nc6 3. Bb5 a6 4. Ba4 Nf6 5. O-O Be7 6. Re1 b5 7. Bb3
O-O 8. c3 d6 9. h3 Na5 10. Bc2 c5 11. d4 Qc7 12. Nbd2 Nc6 13. d5 Nd8 14. Nf1
Ne8 15. Ng3 g6 16. Bh6 Ng7 17. Qd2 f6 18. h4 Nf7 19. Kh2 Nxh6 20. Qxh6 f5 21.
Ng5 Bxg5 22. Qxg5 Qf7 23. exf5 Nxf5 24. Ne4 h6 25. Qd2 Nxh4 26. Nxd6 Qxf2 27.
Qxf2 Rxf2 28. Be4 Rxb2 29. Rf1 Bf5 30. Nxf5 Nxf5 31. Bxf5 gxf5 32. Rxf5 Rd8 33.
Rxe5 Rd6 34. a4 bxa4 35. Kh3 Rb3 36. Rxa4 Rxc3+ 37. Kh4 c4 38. Ra5 Rc1 39. Rc5
c3 40. Rc7 Kf8 41. Rc8+ Kf7 42. Rf5+ Kg6 43. Re5 c2 44. Kg3 a5 45. Rc6 Rxc6 46.
dxc6 Rb1 47. Re6+ Kf5 48. c7 c1=Q 49. Rxh6 Qxc7+ 50. Kf2 Rb2+ 51. Kg1 Qc1+ 52.
Kh2 Qxh6+ 53. Kg1 a4 54. g4+ Kxg4 55. Kf1 Qc1# 0-1

[Event "Flint (Class B/2)"]
[Site "?"]
[Date "1992.??.??"]
[Round "?"]
[White "Saulmon, Scott"]
[Black "Falkowski, Kenneth"]
[Result "1-0"]
[WhiteElo "1670"]
[BlackElo "1720"]
[PlyCount "48"]
[EventDate "1992.??.??"]

1. e4 c5 2. Nc3 Nc6 3. f4 d6 4. Nf3 Bg4 5. Bc4 e6 6. O-O a6 7. d3 Nd4 8. Ne2
Bxf3 9. gxf3 g6 10. Nxd4 cxd4 11. Qe1 Be7 12. Qf2 e5 13. fxe5 dxe5 14. f4 Bh4
15. Qf3 Qf6 16. Qh3 Qe7 17. fxe5 f5 18. exf5 g5 19. f6 Qxe5 20. f7+ Ke7 21.
fxg8=Q Rhxg8 22. Rf7+ Kd6 23. Qd7+ Kc5 24. Rf5 Rge8 1-0

[Event "Flint (Class B/5)"]
[Site "?"]
[Date "1992.??.??"]
[Round "?"]
[White "Saulmon, Scott"]
[Black "Conlon, Russell"]
[Result "0-1"]
[WhiteElo "1670"]
[BlackElo "1720"]
[PlyCount "94"]
[EventDate "1992.??.??"]

1. e4 d5 2. exd5 Nf6 3. d4 Nxd5 4. c4 Nb6 5. Nc3 e5 6. dxe5 Qxd1+ 7. Nxd1 Nc6
8. Nf3 Bg4 9. Be2 O-O-O 10. O-O Bxf3 11. Bxf3 Nxe5 12. Be2 Nexc4 13. Ne3 Nd6
14. Bf3 g6 15. Bd2 Bg7 16. Bc3 Bxc3 17. bxc3 Ndc4 18. Nxc4 Nxc4 19. Rfe1 Nd2
20. Bd1 Rde8 21. Ba4 c6 22. Rad1 Ne4 23. Re3 Nc5 24. Bb3 Rxe3 25. fxe3 Nxb3 26.
axb3 Rd8 27. Rf1 Rd7 28. e4 Kd8 29. Rf3 Ke7 30. Kf2 Rd2+ 31. Kg3 Ke6 32. Re3 f6
33. h3 b5 34. Kf3 a5 35. g4 a4 36. c4 a3 37. cxb5 a2 38. Re1 Rb2 39. bxc6 Rxb3+
40. Kg2 Rb1 41. c7 Kd7 42. e5 Rxe1 43. exf6 a1=Q 44. f7 Qf6 45. Kg3 Re3+ 46.
Kg2 Qf3+ 47. Kg1 Re1+ 0-1

[Event "Flint (Class B/4)"]
[Site "?"]
[Date "1992.??.??"]
[Round "?"]
[White "Saulmon, Scott"]
[Black "Burke, Tim"]
[Result "1-0"]
[WhiteElo "1670"]
[BlackElo "1700"]
[PlyCount "73"]
[EventDate "1992.??.??"]

1. e4 c5 2. Nc3 Nc6 3. f4 d6 4. Nf3 Nf6 5. Bc4 e6 6. O-O Nxe4 7. Nxe4 d5 8.
Bxd5 Qxd5 9. Nc3 Qd8 10. d3 Be7 11. Ne5 Nxe5 12. fxe5 Qd4+ 13. Rf2 a6 14. Qf3
O-O 15. Bf4 c4 16. Rd1 Bc5 17. Rdd2 Qd8 18. d4 Bxd4 19. Be3 Bxe3 20. Rxd8 Bxf2+
21. Kxf2 Rxd8 22. Ne4 Bd7 23. Qh5 Rf8 24. Qg4 Kh8 25. Nd6 f6 26. Ke2 fxe5 27.
Qh5 Rf5 28. Nxf5 exf5 29. Qf7 Bb5 30. c3 Bc6 31. Qxf5 Kg8 32. Qe6+ Kf8 33. Qf5+
Kg8 34. Qg4 Rf8 35. Qxc4+ Kh8 36. Qg4 Rf4 37. Qc8+ 1-0

[Event "Lansing (Apr)"]
[Site "?"]
[Date "1992.??.??"]
[Round "?"]
[White "Saulmon, Scott"]
[Black "Asbury, Victor"]
[Result "0-1"]
[WhiteElo "1785"]
[BlackElo "1605"]
[PlyCount "126"]
[EventDate "1992.??.??"]

1. e4 c5 2. Nc3 Nc6 3. f4 g6 4. Nf3 Bg7 5. Bc4 e6 6. O-O a6 7. d3 Nge7 8. Qe1
O-O 9. Nh4 f5 10. exf5 Bd4+ 11. Kh1 Nxf5 12. Nxf5 Rxf5 13. Ne2 b5 14. Bb3 Bb7
15. c3 Bg7 16. Ng3 Rf8 17. f5 Ne5 18. fxe6 d5 19. d4 c4 20. Bc2 Nd3 21. Bxd3
cxd3 22. Bf4 Qe7 23. Qe3 Rae8 24. Rae1 Bc8 25. Qxd3 Rf6 26. Rf3 Rxe6 27. Rxe6
Qxe6 28. Re3 Qf7 29. Rxe8+ Qxe8 30. Qe3 Qxe3 31. Bxe3 Kf7 32. Kg1 Kf6 33. Kf2
Bf5 34. Ne2 Bb1 35. a3 Be4 36. Nc1 Bc2 37. Ne2 g5 38. Ng3 Bg6 39. Ne2 Bc2 40.
Ng1 g4 41. Ne2 Be4 42. Nf4 Kf5 43. Kg3 Bh6 44. Bc1 Bxg2 45. Ne2 Bxc1 46. Nxc1
Bf1 47. Nb3 Bc4 48. Nc5 a5 49. Kf2 a4 50. Kg3 h5 51. h3 gxh3 52. Kxh3 Kf4 53.
Kh4 Ke3 54. Kxh5 Kd2 55. Kg5 Kc2 56. Kf4 Kxb2 57. Ke3 Kxc3 58. Na6 Kb3 59. Kd2
Kxa3 60. Kc2 b4 61. Nc5 b3+ 62. Kb1 b2 63. Nxa4 Bd3# 0-1

[Event "Detroit (MOR/7/76)"]
[Site "?"]
[Date "1992.??.??"]
[Round "?"]
[White "Sattler, Peter"]
[Black "Shields, B."]
[Result "1-0"]
[WhiteElo "1725"]
[BlackElo "1605"]
[PlyCount "64"]
[EventDate "1992.??.??"]

{7/(76)} 1. e4 c5 2. Nf3 e6 3. d4 d5 4. dxc5 Bxc5 5. exd5 exd5 6. Be2 Nf6 7.
O-O O-O 8. Bg5 Qb6 9. Bxf6 Qxf6 10. c3 Be6 11. Nbd2 Nc6 12. Nb3 Rad8 13. Nxc5
Bc8 14. Nb3 Rd6 15. Nfd4 Rfd8 16. Bg4 Ne5 17. Bxc8 Rxc8 18. Nf3 Nc4 19. Rb1 Re8
20. Qd4 Qg6 21. Nbd2 Nb6 22. Rfe1 Rc8 23. Re7 Rdd8 24. Rbe1 Qc2 25. Qf4 Rf8 26.
Ne5 d4 27. Nxf7 Nd5 28. Nh6+ Kh8 29. Nf7+ Kg8 30. Nh6+ Kh8 31. Nf7+ Kg8 32. Qe4
Nxe7 1-0